1682 1836 1029 1288 1355 1250 1616 1115 1486 1515 1099 1868 1322 1084 1104 1715 1206 1210 1952 1482 1454 1312 1878 1140 1669 1397 1067 1081 1666 1648 1489 1557 1915 1931 1266 1172 1146 1790 1914 1387 1587 1350 1049 1042 1598 1486 1054 1783 1811 1834 1126 1798 1492 1296 1519 1989 1469 1760 1770 1234 1493 1455 1764 1516 1952 1652 1357 1351 1037 1255 1332 1662 1582 1319 1224 1720 1274 1265 1413 1613 1131 1443 1714 1338 1442 1307 1838 1574 1391 1772 1448 1333 1667 1760 1381 1444 1637 1001 1681 BCNSPRNW ULIB Ver.6.0+V

เปลี่ยนเป็นภาษาไทย

Change to English
 แสดงรายละเอียดบรรณานุกรม
  กลับหน้าหลัก

Brief Record : Get Marc (ISO 2709) : E-mail record : QR code < ปิดหน้าต่าง
LEADER : 00000nam 2200000uu 4500
001    13399111546
003     ULIB
008    110630s||||||||th 000 0 tha d
020    9786115190003
050  4 BQ4570^bว111ธ 2552
100 0  ว.วชิรเมธี
245 10 ธรรมะศักดิ์สิทธิ์ /^cว.วชิรเมธี
250    พิมพ์ครั้งที่ 6
260    กรุงเทพฯ :^bอมรินทร์,^c2552
300    233 หน้า :^bภาพประกอบ ;^c17 ซม.
440  0 ธรรมะประยุกต์สำหรับคนรุ่นใหม่ ;^vลำดับที่ 13
650  7 ธรรมะ
650  7 ความจริง^xแง่ศาสนา^xพุทธศาสนา
650  7 การดำเนินชีวิต
945    ^p150^l0^i027544
995    ทศพร
999 ^a ใช้งานได้ทุกระบบ
รายการนี้ยังไม่มีแท็ก
คุณยังไม่ได้ล็อกอิน คุณสามารถมีกิจกรรมร่วมกับเว็บไซต์ได้ แต่ต้องล็อกอินก่อน ::
  ล็อกอิน

รายการสื่อสารสนเทศ

ลำดับที่ ประเภท เลขเรียก/บาร์โค้ด สถานที่ สถานะ
- ไม่พบข้อมูล -

รายการใกล้เคียง
    ผู้แต่ง [ว.วชิรเมธี]

    หัวเรื่อง [ธรรมะ]
    หัวเรื่อง [การดำเนินชีวิต]

BibComment


ยังไม่เคยถูกคอมเมนท์

คอมเมนท์ทรัพยากรรายการนี้
  คอมเมนท์: ธรรมะศักดิ์สิทธิ์..


 Copyright 2026. Bcnsprnw @Library